Statistics for Tottenham Hotspur Premier League Players

Click here to take the quiz!

General Stats

  • This quiz has been taken 192 times
  • The average score is 66 of 235

Answer Stats

The Lilywhites% Correct
Harry Kane
98%
Hugo Lloris
89%
Heung-min Son
87%
Robbie Keane
85%
Gareth Bale
85%
Kyle Walker
83%
Ian Walker
82%
Dele Alli
79%
Jan Vertonghen
78%
Toby Alderweireld
77%
Danny Rose
76%
Ben Davies
75%
Simon Davies
74%
Davinson Sánchez
74%
Lucas Moura
73%
Jermain Defoe
73%
Érik Lamela
72%
Teddy Sheringham
71%
Ledley King
70%
Eric Dier
70%
Christian Eriksen
68%
Luka Modric
66%
Dimitar Berbatov
65%
Harry Winks
64%
Darren Bent
64%
Serge Aurier
63%
Moussa Sissoko
63%
Sol Campbell
62%
Peter Crouch
62%
Tanguy Ndombele
62%
Fraizer Campbell
61%
Paulo Gazzaniga
60%
Stephen Carr
59%
Emmanuel Adebayor
59%
Jermaine Jenas
58%
Mousa Dembélé
58%
Kieran Trippier
57%
Aaron Lennon
55%
Roberto Soldado
55%
Michel Vorm
54%
Michael Dawson
54%
Benoit Assou-Ekotto
53%
Rafael van der Vaart
52%
Les Ferdinand
52%
Darren Anderton
51%
Kyle Walker-Peters
50%
Fernando Llorente
50%
Paul Robinson
50%
Stephen Robinson
49%
David Bentley
49%
Giovani Lo Celso
48%
Jurgen Klinsmann
48%
Brad Friedel
48%
Roman Pavlyuchenko
47%
Vincent Janssen
45%
Michael Carrick
45%
Heurelho Gomes
45%
Andy Reid
43%
William Gallas
43%
Niko Kranjcar
43%
Adam Smith
42%
Nacer Chadli
42%
Tom Huddlestone
41%
Victor Wanyama
39%
Christian Ziege
38%
David Ginola
37%
Sean Davis
37%
Ryan Mason
37%
Jamie Redknapp
37%
Sandro
37%
Paulinho
37%
Younes Kaboul
36%
Edgar Davids
36%
Vlad Chiricheș
35%
Clint Dempsey
34%
Juan Foyth
33%
Vedran Corluka
33%
Jonathan Woodgate
33%
Louis Saha
33%
Steffen Iversen
32%
Luke Young
32%
Scott Parker
32%
Chris Armstrong
30%
Frederic Kanoute
30%
Danny Murphy
29%
Paul Allen
29%
Rory Allen
29%
Nicky Barmby
29%
Sergiy Rebrov
29%
Clive Wilson
29%
Michael Brown
28%
Andros Townsend
28%
Nabil Bentaleb
28%
Alan Hutton
28%
Oliver Skipp
27%
Wilson Palacios
27%
Ryan Sessegnon
27%
Gylfi Sigurðsson
27%
Mido
27%
Gary Mabbutt
27%
Georges-Kévin N'Koudou
25%
Didier Zokora
25%
Sebastien Bassong
25%
Étienne Capoue
25%
Ruel Fox
24%
Pascal Chimbonda
24%
Lewis Holtby
24%
Gary Doherty
24%
Gustavo Poyet
24%
Steffen Freund
24%
Erik Thorstvedt
24%
Carlo Cudicini
23%
Neil Sullivan
23%
Dean Richards
23%
Bobby Zamora
23%
Tim Sherwood
22%
Kasey Keller
22%
Ryan Nelsen
22%
Young-pyo Lee
22%
Nayim
21%
Federico Fazio
21%
Anthony Gardner
20%
Steed Malbranque
20%
Ilie Dumitrescu
20%
Kyle Naughton
20%
Tom Carroll
20%
Stephen Clemence
18%
Johnnie Jackson
18%
John Scales
18%
Paul Stalteri
18%
Stephen Kelly
18%
Teemu Tainio
18%
Clinton N'Jie
17%
Justin Edinburgh
17%
Helder Postiga
17%
Giovani dos Santos
17%
Jake Livermore
17%
Chris Perry
16%
Steven Caulker
16%
Steven Pienaar
16%
Gica Popescu
16%
Eidur Gudjohnsen
16%
Erik Edman
16%
Andy Sinton
16%
Vinny Samways
16%
Colin Calderwood
15%
Pedro Mendes
15%
Matthew Etherington
15%
Mauricio Taricco
15%
Kevin Wimmer
14%
Neil Ruddock
14%
Reto Ziegler
14%
Benjamin Stambouli
14%
David Howells
14%
Oyvind Leonhardsen
13%
Zeki Fryers
13%
Dean Austin
13%
Wayne Routledge
13%
Allan Nielsen
13%
Kevin-Prince Boateng
12%
Adel Taarabt
12%
Steve Sedgley
12%
Radek Cerny
12%
Noureddine Naybet
12%
Ramon Vega
12%
Jamie O'Hara
12%
Gilberto
11%
Grzegorz Rasiak
11%
Gordon Durie
10%
Ronny Rosenthal
10%
Gudni Bergsson
10%
Andy Gray
10%
Pat Van Den Hauwe
10%
Andy Turner
10%
Noe Pamarot
9%
Steve Slade
9%
Hossam Ghaly
9%
Calum Davenport
9%
DeAndre Yedlin
8%
Milenko Acimovic
8%
Jose Dominguez
8%
Jason Cundy
8%
Timothee Atouba
8%
Micky Hazard
8%
Goran Bunjevcevic
8%
Danny Hill
7%
David Watson
7%
Ben Alnwick
7%
Josh Onomah
7%
Espen Baardsen
7%
Stuart Nethercott
7%
Jason Dozzell
7%
Ben Thatcher
7%
Phil Ifil
5%
Ricardo Rocha
5%
Mbulelo Mabizela
5%
Andy Booth
5%
Chris Gunter
5%
Terry Fenwick
5%
Dean Marney
4%
Kazuyuki Toda
4%
Nicola Berti
4%
David Kerslake
4%
Stephane Dalmat
4%
Paolo Tramezzani
4%
Moussa Saib
3%
Alton Thelwell
3%
Paul Konchesky
3%
Jamie Clapham
3%
Darren Caskey
3%
Gerry McMahon
3%
Hans Segers
3%
Kevin Scott
3%
Rohan Ricketts
3%
Iago Falque
3%
Jonathan Blondel
2%
John Hendry
2%
Alex Pritchard
2%
Willem Korsten
2%
David McDonald
2%
Neale Fenn
1%
Mark Yeates
1%
Kevin Dearden
1%
John Piercy
0%
Roger Nilsen
0%
Lee Barnard
0%
Paul Moran
0%
David McEwan
0%
Paul McVeigh
0%
Garry Brady
0%
Jamie Slabber
0%
Paul Mahorn
0%
Lee Hodges
0%
David Tuttle
0%
Cameron Lancaster
0%

Score Distribution

Percentile by Number Answered

Percent of People with Each Score

Your Score History

You have not taken this quiz